[Event "56th World U20 ch"]
[Site "Tarvisio ITA"]
[Date "2017.11.16"]
[Round "4.24"]
[White "Wang Tongsen"]
[Black "Bellahcene, Bilel"]
[Result "1/2-1/2"]
[WhiteElo "2396"]
[BlackElo "2510"]
[EventDate "2017.11.13"]
[PlyCount "71"]

1.e4 e6 2.d4 d5 3.Nc3 Bb4 4.exd5 exd5 5.Bd3 Nc6 6.Ne2 Nge7 7.O-O O-O 8.a3 
Ba5 9.Na4 Nf5 10.c3 Nce7 11.b4 Bb6 12.Qc2 h6 13.Bf4 Nd6 14.Ng3 c6 15.Nxb6 
axb6 16.a4 Be6 17.Rae1 Qd7 18.Re2 Rae8 19.Rfe1 Nec8 20.f3 f6 21.Bg6 Bf7 
22.Bxf7+ Qxf7 23.Nf5 Nxf5 24.Qxf5 Rxe2 25.Rxe2 Ne7 26.Qd7 Ng6 27.Qxf7+ 
Kxf7 28.Bc7 Ra8 29.a5 b5 30.Kf2 Nf8 31.Bd6 Ne6 32.h4 Rd8 33.Bg3 h5 34.Ra2 
Ra8 35.Ke2 Ke7 36.Bh2 $11 1/2-1/2

[Event "56th World U20 ch"]
[Site "Tarvisio ITA"]
[Date "2017.11.16"]
[Round "4.25"]
[White "Villegas, Franco"]
[Black "Gagare, Shardul"]
[Result "0-1"]
[WhiteElo "2328"]
[BlackElo "2482"]
[EventDate "2017.11.13"]
[PlyCount "102"]

1.e4 e5 2.Nf3 Nc6 3.Bb5 a6 4.Ba4 Nf6 5.O-O Be7 6.Re1 b5 7.Bb3 d6 8.c3 O-O 
9.d4 Bg4 10.Be3 d5 11.exd5 Nxd5 12.h3 Nxe3 13.fxe3 Bh5 14.Nbd2 Kh8 15.dxe5
Qe8 16.Qe2 Nxe5 17.g4 Nxf3+ 18.Nxf3 Bg6 19.e4 Qc6 20.Kg2 Rad8 21.h4 h5 22.
Nd4 Qf6 23.gxh5 Bh7 24.Qg4 Qxh4 25.Qxh4 Bxh4 26.Re2 Rde8 27.Kf3 c5 28.Nf5 
Bf6 29.Rd1 c4 30.Bc2 g6 31.Nd6 Re6 32.Nb7 gxh5 33.Nc5 Rc6 34.Nd7 Re8 35.
Rd5 Bg6 36.a4 Re7 37.axb5 axb5 38.Nf8 Re5 39.Red2 Kg7 40.Nxg6 fxg6 41.Rd7+
Kh6 42.R2d5 Rb6 43.Rc7 Re8 44.Rcc5 Rf8 45.Kg3 Be7 46.Rxb5 h4+ 47.Kg2 Rbf6 
48.Rd2 Rf3 49.Bd1 Rg3+ 50.Kh2 Rf1 51.Rbd5 Bg5 0-1

[Event "56th World U20 ch"]
[Site "Tarvisio ITA"]
[Date "2017.11.16"]
[Round "4.26"]
[White "Li Di"]
[Black "Mohammad, Nubairshah Shaikh"]
[Result "1-0"]
[WhiteElo "2479"]
[BlackElo "2394"]
[EventDate "2017.11.13"]
[PlyCount "155"]

1.Nf3 Nf6 2.g3 g6 3.b3 Bg7 4.Bb2 O-O 5.Bg2 a5 6.c4 a4 7.b4 c6 8.a3 d5 9.
cxd5 cxd5 10.O-O Qd6 11.Nc3 Bd7 12.d4 Rc8 13.Ne5 Be8 14.Nd3 b6 15.Re1 e6 
16.e3 Ra7 17.Rc1 Qd8 18.Re2 Bd7 19.Ne5 Ne8 20.Rec2 Nd6 21.e4 dxe4 22.Nxe4 
Rxc2 23.Qxc2 Nxe4 24.Bxe4 Bxe5 25.dxe5 Bb5 26.Rd1 Rd7 27.Rd6 f5 28.Bf3 Kf7
29.Qc3 Ke7 30.Bc1 Kf7 31.Bb2 Ke7 32.Qe3 Rxd6 33.exd6+ Kd7 34.Qh6 Bc6 35.
Qg7+ Kc8 36.Bf6 Qd7 37.Qf8+ Kb7 38.Be2 Bb5 39.Bf3+ Bc6 40.Bd1 Bd5 41.Qe7 
b5 42.Be2 Bc6 43.Qf8 Qe8 44.Qg7+ Qd7 45.Be7 Bd5 46.Qxh7 Qc6 47.Bg5+ Nd7 
48.Qe7 Ka6 49.Qd8 Bc4 50.Bxc4 bxc4 51.Qa5+ Kb7 52.Be7 c3 53.b5 Qb6 54.Qxc3
Qxb5 55.Bg5 Ne5 56.Qc7+ Ka6 57.Qc8+ Qb7 58.d7 Nxd7 59.Qc4+ Qb5 60.Qxe6+ 
Kb7 61.Bf4 Qc6 62.Qe7 Ka6 63.Qe8 Kb5 64.h4 Kc4 65.Qf7+ Kc3 66.h5 gxh5 67.
Qxf5 Kb3 68.Qb1+ Kc4 69.Qc2+ Kb5 70.Qe2+ Kb6 71.Qxh5 Qe4 72.Qd1 Nc5 73.Be3
Kb5 74.Qh5 Qb1+ 75.Kh2 Qc2 76.g4 Kc6 77.Qxc5+ Qxc5 78.Bxc5 1-0

[Event "56th World U20 ch"]
[Site "Tarvisio ITA"]
[Date "2017.11.16"]
[Round "4.27"]
[White "Percivaldi, Martin"]
[Black "Salomon, Johan"]
[Result "1/2-1/2"]
[WhiteElo "2388"]
[BlackElo "2476"]
[EventDate "2017.11.13"]
[PlyCount "106"]

1.d4 Nf6 2.c4 e6 3.Nf3 d5 4.Nc3 Bb4 5.cxd5 exd5 6.Qa4+ Nc6 7.Bg5 h6 8.Bxf6
Qxf6 9.e3 O-O 10.Be2 Be6 11.O-O a6 12.Rfc1 Bd6 13.Qd1 Ne7 14.a3 g5 15.Ne1 
Qg7 16.Nd3 f5 17.f4 gxf4 18.Nxf4 Bxf4 19.exf4 Nc6 20.Bf3 Nxd4 21.Bxd5 Rfe8
22.Bxe6+ Rxe6 23.Qd3 Rae8 24.Rf1 Kh8 25.Rad1 c5 26.Kh1 b5 27.Rg1 Re3 28.
Qd2 a5 29.Rde1 R3e6 30.Rxe6 Rxe6 31.Re1 Qe7 32.Rxe6 Qxe6 33.h3 b4 34.axb4 
axb4 35.Na4 Qc6 36.Qd1 Kg7 37.Kh2 Kf8 38.Kh1 Ne6 39.Qc2 Ke7 40.b3 Kf6 41.
Kg1 Qd6 42.Kh1 Qd4 43.Qc1 Kg6 44.Qe1 Kf7 45.Qc1 Qd6 46.Qc2 Qd5 47.Kg1 Nxf4
48.Nxc5 Nxg2 49.Nd3 Nh4 50.Qc7+ Kf6 51.Qb6+ Kg7 52.Qc7+ Kf6 53.Qb6+ Kg7 
$11 1/2-1/2

[Event "56th World U20 ch"]
[Site "Tarvisio ITA"]
[Date "2017.11.16"]
[Round "4.28"]
[White "Bayramov, Elkhan"]
[Black "Zanan, Evgeny"]
[Result "0-1"]
[WhiteElo "2065"]
[BlackElo "2471"]
[EventDate "2017.11.13"]
[PlyCount "82"]

1.e4 e6 2.d4 d5 3.Nc3 Nf6 4.e5 Nfd7 5.f4 c5 6.Nf3 Nc6 7.Be3 a6 8.Qd2 b5 9.
dxc5 Bxc5 10.Ne2 Qb6 11.Bxc5 Nxc5 12.Ned4 Bd7 13.Qe3 Rc8 14.Be2 Na4 15.Rb1
O-O 16.Bd3 h6 17.O-O Nb4 18.Nh4 Nc5 19.Be2 Ne4 20.c3 Nc6 21.Nhf3 b4 22.
Rfc1 bxc3 23.bxc3 Qa5 24.c4 Nxd4 25.Nxd4 Rb8 26.Bd3 Rxb1 27.Bxb1 Rc8 28.
Nb3 Qb4 29.Bxe4 dxe4 30.Nd2 Bc6 31.Nxe4 Rd8 32.Nf2 $11 Qb2 33.a3 Rd3 34.
Qxd3 Qxc1+ 35.Qd1 Qxf4 36.Qd8+ Kh7 37.Qd3+ g6 38.Qc3 Qg5 39.g3 Qf5 40.h3 
Qb1+ 41.Kh2 Qf1 0-1

[Event "56th World U20 ch"]
[Site "Tarvisio ITA"]
[Date "2017.11.16"]
[Round "4.29"]
[White "Basso, Pierluigi"]
[Black "Doluweera, Minul Sanjula"]
[Result "1-0"]
[WhiteElo "2470"]
[BlackElo "2154"]
[EventDate "2017.11.13"]
[PlyCount "87"]

1.d4 d5 2.c4 e6 3.Nc3 Bb4 4.Nf3 Nf6 5.cxd5 exd5 6.Bg5 h6 7.Bh4 c5 8.dxc5 
Nc6 9.e3 g5 10.Bg3 Ne4 11.Rc1 Qa5 12.Bd3 Bxc3+ 13.bxc3 Nxc3 14.Qd2 Nxa2 
15.Qxa5 Nxa5 16.Ra1 Nb4 17.Rxa5 Nxd3+ 18.Ke2 Nb4 19.h4 Nc6 20.Ra4 g4 21.
Nh2 h5 22.Rb1 f6 23.Bd6 Kf7 24.Nf1 Ne5 25.Rd4 Ke6 26.Rbd1 Bd7 27.Bxe5 Bb5+
28.Ke1 fxe5 29.Rxd5 Bc6 30.Rd6+ Ke7 31.Ng3 Raf8 32.e4 Rf4 33.Ke2 Rhf8 34.
Nf5+ R8xf5 35.exf5 Rxf5 36.Rh6 Bxg2 37.Rh7+ Rf7 38.Rd7+ Kxd7 39.Rxf7+ Kc6 
40.Rf5 g3 41.Rxh5 gxf2 42.Kxf2 Bd5 43.Rxe5 Kxc5 44.h5 1-0

[Event "56th World U20 ch"]
[Site "Tarvisio ITA"]
[Date "2017.11.16"]
[Round "4.30"]
[White "Livaic, Leon"]
[Black "Willathgamuwa, Kevin"]
[Result "1-0"]
[WhiteElo "2470"]
[BlackElo "1996"]
[EventDate "2017.11.13"]
[PlyCount "87"]

1.d4 d5 2.c4 e6 3.Nc3 Be7 4.Nf3 Nf6 5.Bg5 O-O 6.e3 h6 7.Bh4 b6 8.Be2 Bb7 
9.Bxf6 Bxf6 10.cxd5 exd5 11.b4 c5 12.bxc5 bxc5 13.Rb1 Bc6 14.O-O Nd7 15.
Bb5 Qc7 16.Qd2 c4 17.Bxc6 Qxc6 18.Rb5 Nb6 19.Rfb1 Rfb8 20.Nxd5 Bd8 21.Nc3 
a6 22.R5b2 Bc7 23.Qc2 Bd6 24.Qe4 Qxe4 25.Nxe4 Bc7 26.Nc3 f5 27.Kf1 Kf7 28.
Ke2 Ke6 29.Kd2 g5 30.Ne5 Nd5 31.Nxc4 Rxb2+ 32.Rxb2 Rb8 33.Rxb8 Bxb8 34.h3 
h5 35.Nxd5 Kxd5 36.Kd3 g4 37.f3 gxh3 38.gxh3 Ke6 39.e4 Kf6 40.e5+ Ke6 41.
f4 Bc7 42.Ne3 Bb6 43.d5+ Kf7 44.Nxf5 1-0

[Event "56th World U20 ch"]
[Site "Tarvisio ITA"]
[Date "2017.11.16"]
[Round "4.31"]
[White "Krishna Teja, N."]
[Black "Sanal, Vahap"]
[Result "1-0"]
[WhiteElo "2363"]
[BlackElo "2557"]
[EventDate "2017.11.13"]
[PlyCount "103"]

1.d4 Nf6 2.c4 e6 3.Nc3 Bb4 4.Qc2 d5 5.a3 Bxc3+ 6.Qxc3 O-O 7.Nf3 dxc4 8.
Qxc4 b6 9.Bg5 Ba6 10.Qa4 Bb7 11.Rc1 Qd5 12.Bxf6 gxf6 13.e3 Rc8 14.Be2 a5 
15.h4 Qd7 16.Qb3 a4 17.Qc3 Qd6 18.Rh3 Nd7 19.Rg3+ Kh8 20.h5 h6 21.Rg4 Ra5 
22.Rh4 Qf8 23.e4 Qg7 24.g3 f5 25.exf5 exf5 26.Qe3 Rd5 27.Qf4 c6 28.Bc4 Ra5
29.Qd6 f6 30.Rf4 Re8+ 31.Kf1 Qe7 32.Qxe7 Rxe7 33.Bd3 c5 34.Nh4 Re6 35.Bxf5
Rd6 36.Bxd7 Rxd7 37.dxc5 bxc5 38.Rxf6 Rb5 39.Rxh6+ Kg8 40.Rg6+ Kh7 41.Rg5 
Rxb2 42.Rgxc5 Be4 43.Rc7 Rxc7 44.Rxc7+ Kh6 45.Ra7 Bd3+ 46.Kg2 Be4+ 47.Kh3 
Rxf2 48.Rxa4 Re2 49.Ng2 Bd3 50.Rd4 Rd2 51.Rd6+ Kh7 52.Kh2 1-0

[Event "56th World U20 ch"]
[Site "Tarvisio ITA"]
[Date "2017.11.16"]
[Round "4.32"]
[White "Tutisani, Noe"]
[Black "Harutiunian, Tigran"]
[Result "1-0"]
[WhiteElo "2361"]
[BlackElo "2508"]
[EventDate "2017.11.13"]
[PlyCount "117"]

1.e4 e5 2.Nf3 Nc6 3.Bb5 a6 4.Ba4 Nf6 5.O-O b5 6.Bb3 Bc5 7.c3 d6 8.d4 Bb6 
9.Be3 O-O 10.Nbd2 Rb8 11.Re1 h6 12.h3 Re8 13.a4 Na5 14.axb5 axb5 15.Bc2 c5
16.d5 c4 17.Qe2 Nd7 18.Ra3 Nc5 19.Rea1 Bd7 20.Kh2 Na4 21.R1a2 Bxe3 22.Qxe3
Qb6 23.Qxb6 Rxb6 24.Ne1 Rc8 25.g4 Nb7 26.Ng2 b4 27.Bxa4 bxa3 28.Bxd7 Rc7 
29.Ba4 Rxb2 30.Rxb2 axb2 31.Ne3 Nc5 32.Bc2 Nd3 33.Ndxc4 Nxf2 34.Nxb2 Rxc3 
35.Nbc4 Kf8 36.Kg2 Nd3 37.Bxd3 Rxd3 38.Kf2 Ke7 39.Nf5+ Kd7 40.Nfxd6 f6 41.
Nf5 g6 42.Nfe3 Rb3 43.h4 h5 44.g5 Ke7 45.d6+ Ke6 46.gxf6 Kxf6 47.Nd5+ Ke6 
48.Ndb6 Rb1 49.Ke2 Rb3 50.Na4 Rb5 51.Nab6 Rb3 52.d7 Ke7 53.Nd6 Rb2+ 54.Kd3
Rb3+ 55.Kc4 Rxb6 56.Nc8+ Kxd7 57.Nxb6+ Ke6 58.Kd3 g5 59.hxg5 1-0

[Event "56th World U20 ch"]
[Site "Tarvisio ITA"]
[Date "2017.11.16"]
[Round "4.33"]
[White "Urazayev, Arystanbek"]
[Black "Jarmula, Lukasz"]
[Result "0-1"]
[WhiteElo "2349"]
[BlackElo "2470"]
[EventDate "2017.11.13"]
[PlyCount "72"]

1.d4 Nf6 2.c4 e6 3.Nf3 Bb4+ 4.Nc3 O-O 5.e3 d5 6.Bd3 b6 7.O-O Ba6 8.cxd5 
exd5 9.Bxa6 Nxa6 10.Qa4 Qc8 11.Bd2 Re8 12.Rac1 Bf8 13.Rfd1 c5 14.dxc5 bxc5
15.Be1 Qb7 16.Qb5 Rab8 17.Qxb7 Rxb7 18.b3 Nb4 19.g3 h6 20.Kg2 c4 21.bxc4 
dxc4 22.Rb1 Rbb8 23.Rd4 Rbc8 24.Bd2 Nc2 25.Rf4 Red8 26.Rb7 Bd6 27.Rf5 Bb4 
28.Rfb5 a5 29.Kf1 Na3 30.R5b6 Bxc3 31.Bxc3 Nd5 32.Bb2 Nxb6 33.Rxb6 Rd1+ 
34.Ke2 Rb1 35.Nd2 Rxb2 36.Rxb2 c3 0-1

[Event "56th World U20 ch"]
[Site "Tarvisio ITA"]
[Date "2017.11.16"]
[Round "4.34"]
[White "Bilguun, Sumiya"]
[Black "Sadhwani, Raunak"]
[Result "1-0"]
[WhiteElo "2460"]
[BlackElo "2339"]
[EventDate "2017.11.13"]
[PlyCount "71"]

1.e4 c5 2.Nf3 d6 3.d4 cxd4 4.Nxd4 Nf6 5.Nc3 a6 6.f4 e5 7.Nf3 Nbd7 8.a4 Be7
9.Bd3 O-O 10.O-O Nc5 11.Qe1 exf4 12.Bxf4 Bg4 13.Kh1 Bh5 14.Rd1 Qc8 15.Qd2 
Bg6 16.Rde1 Re8 17.Bg5 h6 18.Bxf6 Bxf6 19.Nd5 Bxb2 20.Nb6 Qc6 21.Nxa8 Rxa8
22.Nh4 Bh7 23.Bc4 Ne6 24.Bd5 Bc3 25.Qf2 Qc7 26.Rb1 Rb8 27.Nf5 Be5 28.c4 b6
29.a5 b5 30.cxb5 axb5 31.a6 Nc5 32.Qa2 Na4 33.Nxh6+ gxh6 34.Rxf7 Qxf7 35.
Bxf7+ Kg7 36.Bd5 1-0

[Event "56th World U20 ch"]
[Site "Tarvisio ITA"]
[Date "2017.11.16"]
[Round "4.35"]
[White "Zuo Yifan"]
[Black "Kevlishvili, Robby"]
[Result "0-1"]
[WhiteElo "2346"]
[BlackElo "2445"]
[EventDate "2017.11.13"]
[PlyCount "170"]

1.d4 d5 2.c4 c6 3.Nf3 Nf6 4.Nc3 e6 5.Bg5 h6 6.Bxf6 Qxf6 7.e3 Nd7 8.Bd3 g6 
9.O-O Bg7 10.e4 dxc4 11.e5 Qe7 12.Bxc4 O-O 13.Re1 Rd8 14.Qe2 b5 15.Bd3 Rb8
16.Rac1 c5 17.Nxb5 Bb7 18.Nxa7 Ra8 19.Nb5 Bxf3 20.Qxf3 cxd4 21.Rc7 Rxa2 
22.Qe4 Qb4 23.Nd6 Nc5 24.Rxc5 Qxc5 25.Nb7 Qb6 26.Nxd8 Qxd8 27.b4 Rb2 28.b5
Qa5 29.g3 Bf8 30.Kg2 Qc3 31.Re2 Rb3 32.b6 Qb4 33.Rc2 Qxb6 34.h4 Qb7 35.
Qxb7 Rxb7 36.Kf3 Ba3 37.Ke4 Bb2 38.Rc8+ Kg7 39.Rc2 Bc3 40.Ra2 Kf8 41.g4 g5
42.h5 Bb2 43.Ra8+ Kg7 44.Ra2 Rb4 45.Ra7 Bc1 46.Rc7 Bf4 47.Rc4 Rb5 48.Rxd4 
Rxe5+ 49.Kf3 Ra5 50.Rd8 Ra4 51.Be2 Bc7 52.Rd7 Bb6 53.Kg3 Ra3+ 54.f3 Kf6 
55.Rd2 Rc3 56.Kg2 Ke5 57.Rb2 Bc5 58.Rb7 Rc2 59.Kf1 Rc1+ 60.Kg2 Rg1+ 61.Kh2
Re1 62.Bc4 Kf6 63.Rb2 Rc1 64.Bd3 Bd4 65.Rc2 Rd1 66.Be2 Rb1 67.Bd3 Ra1 68.
Re2 Ra3 69.Be4 Be3 70.Kg3 Ke5 71.Rb2 Ra5 72.Bd3 Kd4 73.Be2 Kc3 74.Rb7 Ra2 
75.Rc7+ Kb4 76.Rc4+ Kb3 77.Bf1 e5 78.f4 exf4+ 79.Kh3 Rf2 80.Be2 f3 81.Bd3 
Rd2 82.Bf1 Rd1 83.Re4 Bf4 84.Re7 Rd2 85.Bg2 f5 0-1

[Event "56th World U20 ch"]
[Site "Tarvisio ITA"]
[Date "2017.11.16"]
[Round "4.36"]
[White "Schoppen, Casper"]
[Black "Micottis, Dorian"]
[Result "0-1"]
[WhiteElo "2432"]
[BlackElo "2273"]
[EventDate "2017.11.13"]
[PlyCount "56"]

1.d4 Nf6 2.c4 g6 3.Nc3 d5 4.Bg5 Ne4 5.h4 Nxg5 6.hxg5 dxc4 7.e3 Bg7 8.Bxc4 
c5 9.Nf3 Nc6 10.Rh4 cxd4 11.exd4 O-O 12.Qe2 Bf5 13.O-O-O Na5 14.Bd3 Bxd3 
15.Qxd3 b5 16.Qxb5 Rb8 17.Qe2 Qc7 18.Ne5 Rb4 19.Rdh1 Rfb8 20.Qf3 Bxe5 21.
dxe5 Rxb2 22.Qd3 Rb1+ 23.Kd2 Rxh1 24.Rxh1 Rd8 25.Nd5 Qd7 26.Nf4 Qc8 27.Nd5
Qa8 28.Nxe7+ Kf8 0-1

[Event "56th World U20 ch"]
[Site "Tarvisio ITA"]
[Date "2017.11.16"]
[Round "4.37"]
[White "Xu Yining"]
[Black "Zhu Yi"]
[Result "1-0"]
[WhiteElo "2321"]
[BlackElo "2432"]
[EventDate "2017.11.13"]
[PlyCount "77"]

1.e4 c5 2.Nf3 d6 3.d4 cxd4 4.Nxd4 Nf6 5.Nc3 a6 6.Bc4 e6 7.Bb3 Nbd7 8.O-O 
Nc5 9.Re1 Be7 10.Bg5 O-O 11.f4 h6 12.Bh4 e5 13.Nf5 Bxf5 14.exf5 Nxb3 15.
axb3 Nd7 16.Bxe7 Qxe7 17.Ne4 exf4 18.Qxd6 Qxd6 19.Nxd6 b5 20.Rad1 Nf6 21.
Rd4 Rfd8 22.Red1 Rd7 23.Ne4 Rxd4 24.Nxf6+ gxf6 25.Rxd4 Rc8 26.c3 Rc5 27.
Rxf4 h5 28.Kf2 Kf8 29.Kg3 Kg7 30.Rf2 a5 31.Kf4 Kf8 32.g4 hxg4 33.Kxg4 Re5 
34.Kf4 Re1 35.Rd2 Rf1+ 36.Ke4 Re1+ 37.Kd5 Re5+ 38.Kc6 Rxf5 39.c4 1-0

[Event "56th World U20 ch"]
[Site "Tarvisio ITA"]
[Date "2017.11.16"]
[Round "4.38"]
[White "Petrov, Martin"]
[Black "Pang Tao"]
[Result "1/2-1/2"]
[WhiteElo "2431"]
[BlackElo "2192"]
[EventDate "2017.11.13"]
[PlyCount "54"]

1.e4 e6 2.d4 d5 3.Nd2 c5 4.exd5 exd5 5.Ngf3 Nf6 6.Bb5+ Bd7 7.Bxd7+ Nbxd7 
8.O-O Be7 9.dxc5 Nxc5 10.Re1 O-O 11.Nf1 Nce4 12.Be3 Re8 13.Bd4 Bc5 14.Bxc5
Nxc5 15.Rxe8+ Qxe8 16.Ne3 Qb5 17.Qd4 Ne6 18.Qe5 Qb4 19.Re1 d4 20.Nf5 Qxb2 
21.Nh6+ gxh6 22.Qxf6 Qb6 23.Qxh6 Ng7 24.Qg5 Rc8 25.h4 Qg6 26.Qd5 Qxc2 27.
Qd6 Qxa2 {...} 1/2-1/2

[Event "56th World U20 ch"]
[Site "Tarvisio ITA"]
[Date "2017.11.16"]
[Round "4.39"]
[White "Ioannidis, Evgenios"]
[Black "Vykouk, Jan"]
[Result "0-1"]
[WhiteElo "2302"]
[BlackElo "2430"]
[EventDate "2017.11.13"]
[PlyCount "68"]

1.d4 Nf6 2.c4 e6 3.Nc3 Bb4 4.e3 c5 5.Bd3 d6 6.Nf3 Nc6 7.Bd2 e5 8.d5 Ne7 9.
Qc2 O-O 10.a3 Ba5 11.O-O h6 12.Ne1 Re8 13.f4 e4 14.Nxe4 Nxe4 15.Bxa5 Qxa5 
16.Bxe4 b5 17.f5 f6 18.b3 bxc4 19.bxc4 Ba6 20.Rf4 Nc8 21.Nd3 Nb6 22.Nb2 
Re7 23.g4 Rb8 24.h4 Reb7 25.g5 Nd7 26.Nd3 hxg5 27.hxg5 fxg5 28.f6 Nxf6 29.
Rxf6 gxf6 30.Bf5 Bxc4 31.Qxc4 Rb1+ 32.Rxb1 Rxb1+ 33.Kg2 Qd2+ 34.Nf2 Rb2 
0-1

[Event "56th World U20 ch"]
[Site "Tarvisio ITA"]
[Date "2017.11.16"]
[Round "4.40"]
[White "Nikolovski, Nikola"]
[Black "Pangilinan, Stephen Rome"]
[Result "1-0"]
[WhiteElo "2412"]
[BlackElo "2183"]
[EventDate "2017.11.13"]
[PlyCount "147"]

1.e4 c5 2.Nf3 Nc6 3.d4 cxd4 4.Nxd4 g6 5.c4 Bg7 6.Be3 Nf6 7.Nc3 O-O 8.Be2 
d6 9.O-O Bd7 10.h3 Nxd4 11.Bxd4 Bc6 12.Qc2 Nd7 13.Bxg7 Kxg7 14.Rad1 a5 15.
Bg4 Ne5 16.c5 f5 17.exf5 h5 18.Be2 Rxf5 19.cxd6 exd6 20.f4 Qb6+ 21.Kh2 Nf7
22.Bd3 Rf6 23.Ne4 Bxe4 24.Bxe4 Rf8 25.Rf3 h4 26.Rb3 Qc5 27.Rc3 Qh5 28.Rf3 
Qc5 29.Qd2 Qb4 30.Qxb4 axb4 31.Bxb7 Nd8 32.Ba6 Rxf4 33.Rxf4 Rxf4 34.Rxd6 
Nf7 35.Rb6 Ne5 36.Kg1 Rd4 37.Bf1 Nd7 38.Rc6 Rd2 39.Rc4 b3 40.axb3 Nb6 41.
Rxh4 Rxb2 42.Bc4 Nd7 43.Re4 Nc5 44.Re3 Kf6 45.Kh2 Kf5 46.Rf3+ Kg5 47.Bf7 
Ne4 48.Bd5 Nd6 49.Be6 Ne4 50.Bf7 Nc5 51.Bd5 Rd2 52.Rg3+ Kf6 53.Bc4 Rb2 54.
h4 Ne4 55.Re3 Nd2 56.Kh3 Kf5 57.g3 Nxc4 58.Rf3+ Ke6 59.bxc4 Rc2 60.Rf4 Re2
61.Kg4 Re5 62.Kf3 Ra5 63.Ke4 g5 64.hxg5 Rxg5 65.g4 Kd6 66.Kf3 Ke6 67.Re4+ 
Kf6 68.Ke3 Rg8 69.c5 Rd8 70.c6 Rc8 71.Rc4 Re8+ 72.Kf4 Ke6 73.Re4+ Kf7 74.
Rxe8 1-0

[Event "56th World U20 ch"]
[Site "Tarvisio ITA"]
[Date "2017.11.16"]
[Round "4.41"]
[White "Nie Xinyang"]
[Black "Peng Xiongjian"]
[Result "1/2-1/2"]
[WhiteElo "2288"]
[BlackElo "2412"]
[EventDate "2017.11.13"]
[PlyCount "72"]

1.d4 Nf6 2.Nf3 b6 3.Bg5 Bb7 4.Nbd2 e6 5.e4 h6 6.Bxf6 Qxf6 7.c3 g5 8.h3 h5 
9.Bd3 Nc6 10.Nc4 O-O-O 11.Ne3 Bh6 12.Qe2 g4 13.Nd2 gxh3 14.Rxh3 Rdg8 15.
Ndf1 Bxe3 16.Nxe3 h4 17.Ba6 Ne7 18.Qf3 Qxf3 19.Bxb7+ Kxb7 20.Rxf3 f5 21.
exf5 Nxf5 22.Kf1 Rg5 23.Nxf5 exf5 24.Rh3 Rhg8 25.Rxh4 Rxg2 26.Ke2 Kc6 27.
Rh5 R2g5 28.Rxg5 Rxg5 29.Rh1 Kd5 30.Ke3 a5 31.b3 Ke6 32.Rh6+ Ke7 33.Rh7+ 
Ke6 34.Rh6+ Ke7 35.Rh7+ Ke6 36.Rh6+ Ke7 1/2-1/2

[Event "56th World U20 ch"]
[Site "Tarvisio ITA"]
[Date "2017.11.16"]
[Round "4.42"]
[White "Tahay, Alexis"]
[Black "Tin Jingyao"]
[Result "0-1"]
[WhiteElo "2285"]
[BlackElo "2404"]
[EventDate "2017.11.13"]
[PlyCount "120"]

1.e4 e5 2.Nf3 Nc6 3.Bb5 a6 4.Ba4 Nf6 5.O-O Be7 6.Re1 b5 7.Bb3 d6 8.c3 O-O 
9.h3 Na5 10.Bc2 c5 11.d4 Qc7 12.d5 Bd7 13.Nbd2 g6 14.Nf1 Nh5 15.Ne3 c4 16.
Ng4 Nb7 17.g3 Nc5 18.Kh2 Kh8 19.Nh6 Qc8 20.Ng1 Qd8 21.Qe2 Bg5 22.Be3 Bxe3 
23.Qxe3 f5 24.f4 exf4 25.Qd4+ Qf6 26.g4 fxg4 27.hxg4 Ng3 28.Qxf6+ Rxf6 29.
g5 Rff8 30.Nf3 Rae8 31.e5 dxe5 32.Nxe5 Kg7 33.b4 cxb3 34.axb3 Bf5 35.b4 
Nce4 36.Nxf5+ Rxf5 37.Nf3 Rxd5 38.Rxa6 Nxg5 39.Rxe8 Nxf3+ 40.Kh3 Rd2 41.
Kg4 Rxc2 42.Kxf3 Rxc3+ 43.Kxf4 Nh5+ 44.Kg5 Rg3+ 45.Kh4 Rb3 46.Re4 Rf3 47.
Kg4 Rf5 48.Re7+ Kh6 49.Raa7 Nf6+ 50.Kg3 Kg5 51.Ra5 h5 52.Rb7 Ne4+ 53.Kh3 
Rf3+ 54.Kg2 Kg4 55.Rbxb5 h4 56.Re5 h3+ 57.Kg1 Rg3+ 58.Kf1 h2 59.Rxe4+ Kf3 
60.Ra3+ Kxe4 0-1

[Event "56th World U20 ch"]
[Site "Tarvisio ITA"]
[Date "2017.11.16"]
[Round "4.43"]
[White "Peng Hongchi"]
[Black "Acosta, Pablo Ismael"]
[Result "1/2-1/2"]
[WhiteElo "2223"]
[BlackElo "2402"]
[EventDate "2017.11.13"]
[PlyCount "92"]

1.Nf3 Nf6 2.c4 c5 3.g3 g6 4.Bg2 Bg7 5.O-O O-O 6.Nc3 d5 7.cxd5 Nxd5 8.d4 
Nc6 9.Nxd5 Qxd5 10.Be3 Bf5 11.dxc5 Qxd1 12.Raxd1 Bxb2 13.Nh4 Bc8 14.Rb1 
Bf6 15.Rfd1 Rd8 16.Rxd8+ Nxd8 17.Bf3 g5 18.Ng2 Bf5 19.Rb3 Be6 20.Ra3 a5 
21.Ra4 Bd7 22.Rc4 h6 23.h4 Be6 24.Ra4 Bd7 25.Rc4 Bb5 26.Re4 Nc6 27.hxg5 
hxg5 28.a4 Ba6 29.Ne1 Rd8 30.Nc2 Ne5 31.Nd4 Nxf3+ 32.exf3 Bd3 33.Rg4 Rd5 
34.Kg2 Rxc5 35.Ne6 Rc4 36.Nc5 Rxg4 37.fxg4 Bc2 38.f3 Bc3 39.Nxb7 Bxa4 40.
Bb6 Bc6 41.Nxa5 Bd5 42.Kf2 f6 43.f4 Kf7 44.fxg5 fxg5 45.Ke2 e5 46.Kd3 Be1 
{...} 1/2-1/2

[Event "56th World U20 ch"]
[Site "Tarvisio ITA"]
[Date "2017.11.16"]
[Round "4.44"]
[White "Nikitenko, Mikhail"]
[Black "Bischofberger, Dario"]
[Result "1-0"]
[WhiteElo "2376"]
[BlackElo "2108"]
[EventDate "2017.11.13"]
[PlyCount "85"]

1.e4 e6 2.d4 d5 3.Nd2 c5 4.exd5 exd5 5.Ngf3 Nc6 6.Bb5 Qe7+ 7.Be2 Qc7 8.O-O
Nf6 9.Re1 cxd4 10.Nb3 Bb4 11.Bd2 Bxd2 12.Qxd2 O-O 13.Bd3 Bd7 14.Nbxd4 Rad8
15.h3 Rfe8 16.c3 h6 17.Rad1 Qb8 18.Bb1 a6 19.Qc1 Rxe1+ 20.Rxe1 Re8 21.
Rxe8+ Qxe8 22.Qd2 Ne5 23.Nxe5 Qxe5 24.Nf3 Qe7 25.Bd3 Qd6 26.Qe3 Bc6 27.Qd4
Nd7 28.Qg4 g6 29.Nd4 h5 30.Qg5 Kf8 31.Qd8+ Kg7 32.g3 Kh7 33.h4 Qc5 34.Qg5 
Kg8 35.Bxg6 fxg6 36.Ne6 Kf7 37.Nxc5 Nxc5 38.Qf4+ Ke7 39.Qb4 Kd6 40.f3 Bd7 
41.Qf4+ Ke6 42.Qg5 Be8 43.Qe3+ 1-0

[Event "56th World U20 ch"]
[Site "Tarvisio ITA"]
[Date "2017.11.16"]
[Round "4.45"]
[White "Chinguun, Bayaraa"]
[Black "Sidhant, Mohapatra"]
[Result "0-1"]
[WhiteElo "1820"]
[BlackElo "2371"]
[EventDate "2017.11.13"]
[PlyCount "72"]

1.d4 Nf6 2.c4 e6 3.Nf3 d5 4.Nc3 c6 5.Bg5 Nbd7 6.e3 h6 7.Bh4 g5 8.Bg3 Nh5 
9.Bd3 Nxg3 10.hxg3 Bg7 11.Qc2 O-O 12.Rd1 a6 13.Be2 Re8 14.O-O Qe7 15.e4 
dxc4 16.Bxc4 b5 17.Be2 Bb7 18.Rfe1 Rad8 19.Bf1 c5 20.d5 Ne5 21.dxe6 Qxe6 
22.Rxd8 Rxd8 23.Nd1 Nxf3+ 24.gxf3 Qxa2 25.Qxc5 Qa5 26.b4 Qa1 27.Be2 Bc8 
28.Qc7 Bf6 29.Bxb5 axb5 30.e5 Be6 31.exf6 Rxd1 32.Kg2 Rxe1 33.Qd8+ Kh7 34.
Qd3+ Re4 35.Qxe4+ Kh8 36.Qa8+ Qxa8 0-1

[Event "56th World U20 ch"]
[Site "Tarvisio ITA"]
[Date "2017.11.16"]
[Round "4.46"]
[White "Silva, David"]
[Black "Ladva, Ottomar"]
[Result "0-1"]
[WhiteElo "2285"]
[BlackElo "2543"]
[EventDate "2017.11.13"]
[PlyCount "69"]

1.e4 c5 2.Nf3 e6 3.d4 cxd4 4.Nxd4 Nc6 5.Nc3 Qc7 6.g3 a6 7.Bg2 d6 8.O-O Bd7
9.Re1 Be7 10.Nxc6 Bxc6 11.Bf4 Nf6 12.a4 O-O 13.a5 Nd7 14.Nd5 Bxd5 15.exd5 
e5 16.Be3 f5 17.c3 e4 18.Bd4 Bf6 19.f3 exf3 20.Qxf3 Ne5 21.Bxe5 Bxe5 22.
Ra4 Rf6 23.Kh1 Raf8 24.Rf1 g5 25.Rb4 Qg7 26.Kg1 h5 27.Qxh5 g4 28.Qh4 Rg6 
29.h3 Rh6 30.Rxb7 Qg6 31.Qe7 gxh3 32.Qe6+ Qxe6 33.dxe6 hxg2 34.Kxg2 Rxe6 
35.Rb6 {... 52 moves} 0-1

[Event "56th World U20 ch"]
[Site "Tarvisio ITA"]
[Date "2017.11.16"]
[Round "4.47"]
[White "Tasdogen, Dincer"]
[Black "Huber, Martin Christian"]
[Result "1/2-1/2"]
[WhiteElo "2235"]
[BlackElo "2396"]
[EventDate "2017.11.13"]
[PlyCount "43"]

1.e4 e5 2.Nf3 Nc6 3.d4 exd4 4.Nxd4 Nf6 5.Nxc6 bxc6 6.e5 Qe7 7.Qe2 Nd5 8.c4
Ba6 9.b3 g6 10.f4 d6 11.Qd2 Nb6 12.Ba3 c5 13.Nc3 Bg7 14.O-O-O O-O 15.Qe3 
Rfe8 16.Be2 Bb7 17.Bf3 Bxf3 18.Qxf3 dxe5 19.Rhe1 Qf6 20.Ne4 Qxf4+ 21.Qxf4 
exf4 22.Bxc5 {... 34 moves} 1/2-1/2

[Event "56th World U20 ch"]
[Site "Tarvisio ITA"]
[Date "2017.11.16"]
[Round "4.48"]
[White "Tuomainen, Felix"]
[Black "Lopez Gonzalez, Abel Fabian"]
[Result "1-0"]
[WhiteElo "2214"]
[BlackElo "2384"]
[EventDate "2017.11.13"]
[PlyCount "113"]

1.d4 d5 2.c4 c6 3.cxd5 cxd5 4.Bf4 Nf6 5.Nc3 Qb6 6.Qd2 Bf5 7.e3 e6 8.f3 Nc6
9.a3 Rc8 10.Rc1 Be7 11.Na4 Qb3 12.Nc5 Bxc5 13.Rxc5 O-O 14.Ne2 Nd7 15.Rc3 
Qb6 16.Ng3 Bg6 17.Be2 e5 18.dxe5 Ndxe5 19.Bxe5 Nxe5 20.f4 Rxc3 21.Qxc3 
Nd3+ 22.Bxd3 Qxe3+ 23.Be2 Qxf4 24.Qd2 Qf6 25.Rf1 Qe5 26.Kf2 d4 27.Bd3 Qc5 
28.b4 Qb6 29.Kg1 Rd8 30.Rd1 h5 31.Bxg6 d3+ 32.Qf2 Qxg6 33.Qf5 Qb6+ 34.Qf2 
Qg6 35.h3 h4 36.Nf5 Qe6 37.Ne3 Qb3 38.Qxh4 Re8 39.Qc4 Qxa3 40.Rxd3 Qb2 41.
Qc3 Qe2 42.Nf5 Re5 43.Rd8+ Kh7 44.Qc8 Qe1+ 45.Kh2 Kg6 46.Ng3 Qxb4 47.Qc2+ 
f5 48.Qd1 f4 49.Qd3+ Kf6 50.Rd6+ Ke7 51.Rd7+ Ke6 52.Ne2 f3 53.Rxg7 Rxe2 
54.Qd7+ Kf6 55.Rf7+ Ke5 56.Rf5+ Ke4 57.Qd5+ 1-0

[Event "56th World U20 ch"]
[Site "Tarvisio ITA"]
[Date "2017.11.16"]
[Round "4.49"]
[White "Zhao Yuanhe"]
[Black "Milosevic, Milos"]
[Result "1-0"]
[WhiteElo "2377"]
[BlackElo "2249"]
[EventDate "2017.11.13"]
[PlyCount "94"]

1.d4 Nf6 2.c4 c5 3.d5 b5 4.cxb5 a6 5.bxa6 g6 6.Nc3 Bg7 7.Nf3 O-O 8.e4 Qa5 
9.Bd2 Bxa6 10.Be2 d6 11.O-O Bxe2 12.Qxe2 Qa6 13.Qe3 Nbd7 14.h3 Rfb8 15.
Rab1 Ne8 16.Qg5 Rb7 17.Rfe1 Rab8 18.b3 Ne5 19.Nxe5 Bxe5 20.Rbc1 c4 21.bxc4
Qxc4 22.Qe3 Nf6 23.Kh1 Nd7 24.f4 Bg7 25.Ne2 Qxa2 26.Bc3 Nc5 27.Bxg7 Kxg7 
28.Nd4 Ra8 29.Qc3 Qb2 30.Ne6+ Kg8 31.Nxc5 dxc5 32.Qxc5 Qd2 33.f5 Rb2 34.
Rg1 Qg5 35.Rc2 Rb3 36.Qd4 gxf5 37.Rgc1 Rbb8 38.Qe5 h6 39.exf5 Kh7 40.Qe4 
Re8 41.Rb1 Kh8 42.Qe5+ Kh7 43.Re2 Rad8 44.Rf2 Qh5 45.Kh2 Qg5 46.Rf4 Qf6 
47.Qxf6 exf6 {...72 moves} 1-0